000 00806nam a22002177a 4500
003 NALT
005 20221031101558.0
008 s2557 th j tha d
020 _a9786162981395
040 _aNALT
041 _atha
090 _aSC
_bล711ห 2557
100 0 _aลูกไม้
_928520
245 1 0 _aหน้าพระลานไม่นานนี้ =
_bWhen i was there /
_cเรื่องและภาพ ลูกไม้.
260 _aกรุงเทพฯ :
_bบันบุ๊คส์,
_c2557.
300 _a1 เล่ม :
_bภาพประกอบ ;
_c18 ซม.
650 4 _aเรื่องสั้น
_9460
850 _aNALT
942 _cSHT
_2local
998 _bปรียานุช คลอวุฒิวัฒน์
_bphon
_cphon
_j104
_k นางสาวสายฝน ดีงาม
999 _c70925
_d70925